[Event "NB II. Toth Laszlo csoport"]
[Site "Szeged"]
[Date "2024.05.12"]
[Round "9.2"]
[White "Peczeli, Zoltan"]
[Black "Kakuk, Sandor"]
[Result "1/2-1/2"]
[WhiteElo "2034"]
[BlackElo "2041"]
[PlyCount "87"]
[EventDate "2023.10.08"]
[EventType "team-tourn"]
[EventRounds "9"]
[EventCountry "HUN"]
[Source "chess.hu"]
[WhiteTeam "Meritum Egyesulet"]
[BlackTeam "Oroshazi SE"]
[WhiteTeamCountry "HUN"]
[BlackTeamCountry "HUN"]

1. d4 d5 2. c4 Nc6 3. Nf3 Bg4 4. cxd5 Bxf3 5. gxf3 Qxd5 6. e3 e6 7. Nc3 Qd7 8.
Bb5 O-O-O 9. Qa4 Nge7 10. Ne4 Nd5 11. Bxc6 Qxc6 12. Qxc6 bxc6 13. Bd2 Be7 14.
Rc1 f5 15. Nc5 Bxc5 16. Rxc5 Kd7 17. Rg1 g6 18. Ke2 Rb8 19. b3 Rb5 20. Rc4 Rhb8
21. Rgc1 R8b6 22. Ra4 Rb7 23. Rc2 Nb4 24. Bxb4 Rxb4 25. Rc4 Rxc4 26. Rxc4 Rb5
27. f4 Kd6 28. b4 Kd5 29. Kd3 Kd6 30. Kc3 Kd7 31. a4 Rd5 32. f3 a6 33. Rc5
Rxc5+ 34. dxc5 Kd8 35. Kd4 Kd7 36. Kc4 Kc8 37. b5 axb5+ 38. axb5 Kb7 39. bxc6+
Kxc6 40. h3 Kb7 41. Kd4 Kc6 42. Kc4 Kb7 43. Kd4 Kc6 44. Kc4 1/2-1/2

[Event "NB II. Toth Laszlo csoport"]
[Site "Szeged"]
[Date "2024.05.12"]
[Round "9.3"]
[White "Gyori, Szabolcs"]
[Black "Berczi, Peter"]
[Result "0-1"]
[WhiteElo "2106"]
[BlackElo "2029"]
[PlyCount "70"]
[EventDate "2023.10.08"]
[EventType "team-tourn"]
[EventRounds "9"]
[EventCountry "HUN"]
[Source "chess.hu"]
[WhiteTeam "Oroshazi SE"]
[BlackTeam "Meritum Egyesulet"]
[WhiteTeamCountry "HUN"]
[BlackTeamCountry "HUN"]

1. c4 Nf6 2. g3 g6 3. Bg2 Bg7 4. Nc3 O-O 5. e4 d6 6. Nge2 c5 7. O-O Nc6 8. d3
Bg4 9. f3 Bd7 10. Be3 a6 11. a3 Rb8 12. Rb1 b5 13. cxb5 axb5 14. b4 cxb4 15.
axb4 e5 16. h3 Nh5 17. Qd2 f5 18. exf5 gxf5 19. f4 Kh8 20. Kh2 Qe8 21. Nd5 Nf6
22. Rfc1 Nxd5 23. Bxd5 Ne7 24. Bg2 Rc8 25. Rxc8 Qxc8 26. Rc1 Qb8 27. fxe5 dxe5
28. Bc5 Re8 29. Qg5 Ng8 30. Nc3 Bh6 31. Qh4 Bxc1 32. Bd5 Qd8 33. Qh5 Qg5 34.
Qf7 Qg7 35. Qh5 Bb2 0-1

[Event "NB II. Toth Laszlo csoport"]
[Site "Szeged"]
[Date "2024.05.12"]
[Round "9.4"]
[White "Havasi, Gergely Bulcsu"]
[Black "Kulcsar, Jozsef"]
[Result "1/2-1/2"]
[WhiteElo "1897"]
[BlackElo "1988"]
[PlyCount "37"]
[EventDate "2023.10.08"]
[EventType "team-tourn"]
[EventRounds "9"]
[EventCountry "HUN"]
[Source "chess.hu"]
[WhiteTeam "Meritum Egyesulet"]
[BlackTeam "Oroshazi SE"]
[WhiteTeamCountry "HUN"]
[BlackTeamCountry "HUN"]

1. e4 c6 2. d4 d5 3. exd5 cxd5 4. c4 Nf6 5. Nc3 e6 6. Nf3 Bb4 7. Qb3 Nc6 8. Be3
O-O 9. Be2 dxc4 10. Qxc4 Qd5 11. O-O Bxc3 12. bxc3 Qxc4 13. Bxc4 Nd5 14. Rac1
Bd7 15. Bb3 b5 16. c4 bxc4 17. Bxc4 Rfc8 18. Bxd5 exd5 19. Rc5 1/2-1/2

[Event "NB II. Toth Laszlo csoport"]
[Site "Szeged"]
[Date "2024.05.12"]
[Round "9.5"]
[White "Bacsi, Kristof"]
[Black "Vadkerti, Vince"]
[Result "1/2-1/2"]
[WhiteElo "1937"]
[BlackElo "1901"]
[PlyCount "165"]
[EventDate "2023.10.08"]
[EventType "team-tourn"]
[EventRounds "9"]
[EventCountry "HUN"]
[Source "chess.hu"]
[WhiteTeam "Oroshazi SE"]
[BlackTeam "Meritum Egyesulet"]
[WhiteTeamCountry "HUN"]
[BlackTeamCountry "HUN"]

1. d4 d5 2. Nf3 Nf6 3. c4 c6 4. e3 Bf5 5. Nc3 e6 6. Bd3 Bxd3 7. Qxd3 Nbd7 8.
O-O Be7 9. Bd2 O-O 10. Rac1 Rc8 11. cxd5 exd5 12. Na4 Ne4 13. b4 Nb6 14. Nc5
Nxc5 15. dxc5 Nd7 16. Bc3 Bf6 17. Rfd1 Bxc3 18. Rxc3 Qf6 19. Rcc1 Rfe8 20. b5
Ne5 21. Nxe5 Qxe5 22. a4 Qc7 23. Qc3 Re4 24. Rd4 Rxd4 25. Qxd4 Re8 26. f3 h6
27. Qc3 Kh7 28. Re1 Kg8 29. Qd4 Kh7 30. Rb1 Kg8 31. Rb2 Kh7 32. b6 Qb8 33. bxa7
Qxa7 34. Rb6 Re7 35. Kf2 Kg8 36. g3 Qa5 37. Qb4 Qxb4 38. Rxb4 Kf8 39. a5 Rc7
40. Ke2 Ke7 41. Kd3 h5 42. Kd4 Kf6 43. h3 Re7 44. Rb6 Rc7 45. h4 Kf5 46. Rb4
Re7 47. Kd3 g6 48. Rb6 Rc7 49. Kd4 f6 50. Rb4 g5 51. Kd3 Re7 52. g4+ Kg6 53.
hxg5 Kxg5 54. gxh5 Kxh5 55. Rg4 Kh6 56. Rg8 Rc7 57. e4 dxe4+ 58. Kxe4 Kh7 59.
Rb8 Kg6 60. Kf4 Re7 61. Rg8+ Kf7 62. Rh8 Kg7 63. Rb8 Kg6 64. Kg4 Kg7 65. f4 Rd7
66. Kf3 f5 67. Ke3 Kf6 68. Rc8 Kf7 69. a6 bxa6 70. Rxc6 Ra7 71. Rb6 a5 72. Kd4
a4 73. Kd5 a3 74. Rb1 a2 75. Ra1 Ke7 76. Kc6 Kd8 77. Kb6 Ra3 78. c6 Kc8 79. Kc5
Kc7 80. Kb5 Ra8 81. Kc5 Ra3 82. Kb5 Ra8 83. Kc5 1/2-1/2

[Event "NB II. Toth Laszlo csoport"]
[Site "Szeged"]
[Date "2024.05.12"]
[Round "9.6"]
[White "Farkas, Sandor"]
[Black "Monus, Zoltan"]
[Result "1-0"]
[WhiteElo "1933"]
[BlackElo "1963"]
[PlyCount "101"]
[EventDate "2023.10.08"]
[EventType "team-tourn"]
[EventRounds "9"]
[EventCountry "HUN"]
[Source "chess.hu"]
[WhiteTeam "Meritum Egyesulet"]
[BlackTeam "Oroshazi SE"]
[WhiteTeamCountry "HUN"]
[BlackTeamCountry "HUN"]

1. b3 e5 2. Bb2 Nc6 3. e3 Nf6 4. Bb5 Bd6 5. Na3 a6 6. Bxc6 dxc6 7. Nc4 Qe7 8.
Nf3 e4 9. Nd4 Bg4 10. Nxd6+ Qxd6 11. f3 exf3 12. Nxf3 O-O-O 13. Qe2 Rhe8 14.
O-O-O Nd5 15. Qc4 Be6 16. Qd4 f6 17. Kb1 Kb8 18. e4 c5 19. Qf2 Nb4 20. d4 Bg4
21. h3 Bxf3 22. gxf3 cxd4 23. Rxd4 Qe7 24. Rhd1 Nc6 25. Rd5 Rxd5 26. Rxd5 Rd8
27. Qd2 Kc8 28. a3 Qe6 29. Rxd8+ Nxd8 30. Qg2 g6 31. Qg3 g5 32. Qg4 Kd7 33.
Bxf6 Qxg4 34. hxg4 Nf7 35. Kc1 Ke6 36. Bd4 c5 37. Bb2 Nd8 38. Kd2 Nc6 39. Kd3
b5 40. Ke3 Ne7 41. Bc3 Ng6 42. Ba5 Kd7 43. Bb6 Kd6 44. Bd8 h6 45. Bf6 Nf4 46.
Bg7 h5 47. gxh5 Nxh5 48. Bh6 Nf4 49. Bxg5 Ne6 50. Bf4+ Kc6 51. Be5 1-0

[Event "NB II. Toth Laszlo csoport"]
[Site "Szeged"]
[Date "2024.05.12"]
[Round "9.7"]
[White "Zalai, Mihaly Dr"]
[Black "Havasi, Mate Pal"]
[Result "1-0"]
[WhiteElo "2038"]
[BlackElo "1801"]
[PlyCount "119"]
[EventDate "2023.10.08"]
[EventType "team-tourn"]
[EventRounds "9"]
[EventCountry "HUN"]
[Source "chess.hu"]
[WhiteTeam "Oroshazi SE"]
[BlackTeam "Meritum Egyesulet"]
[WhiteTeamCountry "HUN"]
[BlackTeamCountry "HUN"]

1. g3 d5 2. Bg2 Nf6 3. d3 e6 4. Nf3 c5 5. Nbd2 Nc6 6. e4 Be7 7. O-O Qc7 8. Re1
b6 9. h3 Bb7 10. c3 h6 11. a3 a5 12. exd5 Nxd5 13. Nc4 b5 14. Ne3 Nf6 15. Qb3
b4 16. axb4 axb4 17. Rxa8+ Bxa8 18. Nc4 O-O 19. Bf4 Qa7 20. g4 Nd5 21. Bg3 bxc3
22. bxc3 Qb7 23. Qa3 Qa7 24. Ra1 Qxa3 25. Rxa3 Bb7 26. Nfd2 Rd8 27. Ne4 Nf6 28.
Ned6 Ba8 29. Rxa8 Rxa8 30. Bxc6 Ra1+ 31. Kg2 Rd1 32. Be4 Nxe4 33. dxe4 Rd3 34.
Nb5 Rd1 35. Ne3 Rc1 36. c4 f6 37. Nd6 e5 38. Nb7 Rb1 39. Na5 Kf7 40. Nd5 Bd6
41. h4 Ke6 42. Nc6 Kd7 43. Na7 Rc1 44. Nb5 Be7 45. g5 hxg5 46. hxg5 Bd8 47. Na3
Ra1 48. Nc2 Rc1 49. Nce3 Ke6 50. gxf6 gxf6 51. Kf3 Kf7 52. Ke2 Ra1 53. Bh4 Ra2+
54. Kf3 Ra3 55. Kg2 Kg6 56. Ng4 Kh5 57. Bxf6 Kxg4 58. Bxd8 Ra4 59. Bc7 Rxc4 60.
Ne3+ 1-0

[Event "NB II. Toth Laszlo csoport"]
[Site "Szeged"]
[Date "2024.05.12"]
[Round "9.8"]
[White "Karman, Gergely"]
[Black "Biro, Istvan"]
[Result "0-1"]
[WhiteElo "1776"]
[BlackElo "1986"]
[PlyCount "74"]
[EventDate "2023.10.08"]
[EventType "team-tourn"]
[EventRounds "9"]
[EventCountry "HUN"]
[Source "chess.hu"]
[WhiteTeam "Meritum Egyesulet"]
[BlackTeam "Oroshazi SE"]
[WhiteTeamCountry "HUN"]
[BlackTeamCountry "HUN"]

1. e4 e6 2. d3 d5 3. Nd2 Nf6 4. Ngf3 c5 5. g3 Nc6 6. Bg2 g6 7. O-O Bg7 8. Re1
O-O 9. c3 Re8 10. e5 Nd7 11. d4 a5 12. Nf1 cxd4 13. cxd4 f6 14. exf6 Qxf6 15.
Bg5 Qf7 16. Bf4 h6 17. h4 Kh7 18. h5 gxh5 19. Qd3+ Qg6 20. Qd2 e5 21. dxe5
Ndxe5 22. Nh4 Qf6 23. Qc2+ Kg8 24. Bxd5+ Be6 25. Bxe6+ Rxe6 26. Nd2 Nd4 27. Qc3
Ng6 28. Nxg6 Qxg6 29. Qc4 Rae8 30. Rac1 Kh7 31. Rxe6 Rxe6 32. Be3 Rc6 33. Bxd4
Bxd4 34. Qf1 Qxg3+ 35. Kh1 Qh4+ 36. Kg2 Rg6+ 37. Kf3 Qg4# 0-1

[Event "NB II. Toth Laszlo csoport"]
[Site "Szeged"]
[Date "2024.05.12"]
[Round "9.9"]
[White "Bogdany, Gabor"]
[Black "Havasi, Huba Laszlo"]
[Result "1-0"]
[WhiteElo "1933"]
[BlackElo "1756"]
[PlyCount "60"]
[EventDate "2023.10.08"]
[EventType "team-tourn"]
[EventRounds "9"]
[EventCountry "HUN"]
[Source "chess.hu"]
[WhiteTeam "Oroshazi SE"]
[BlackTeam "Meritum Egyesulet"]
[WhiteTeamCountry "HUN"]
[BlackTeamCountry "HUN"]

1. e4 e6 2. d3 d5 3. Nd2 c5 4. Ngf3 Nc6 5. g3 Nf6 6. Bg2 Be7 7. O-O d4 8. e5
Nd5 9. a4 Qc7 10. Nc4 b6 11. Qe2 Bb7 12. Nfd2 O-O-O 13. f4 g6 14. Ne4 h5 15. h4
Ba6 16. Ned6+ Bxd6 17. Nxd6+ Kb8 18. Nb5 Bxb5 19. axb5 Nce7 20. Bd2 Nf5 21. Qf3
c4 22. Ra4 c3 23. bxc3 dxc3 24. Rc4 Qd7 25. Rxc3 Qxb5 26. Kh2 Rc8 27. Rxc8+
Rxc8 28. c4 Qb2 29. cxd5 Qxd2 30. dxe6 Kc7 1-0

[Event "NB II. Toth Laszlo csoport"]
[Site "Szeged"]
[Date "2024.05.12"]
[Round "9.10"]
[White "Vad, Roland Tibor"]
[Black "Berta, Gergely"]
[Result "0-1"]
[WhiteElo "1711"]
[BlackElo "1980"]
[PlyCount "48"]
[EventDate "2023.10.08"]
[EventType "team-tourn"]
[EventRounds "9"]
[EventCountry "HUN"]
[Source "chess.hu"]
[WhiteTeam "Meritum Egyesulet"]
[BlackTeam "Oroshazi SE"]
[WhiteTeamCountry "HUN"]
[BlackTeamCountry "HUN"]

1. b3 Nf6 2. Bb2 g6 3. f4 Bg7 4. e4 d6 5. Nf3 O-O 6. d3 c6 7. Be2 Qb6 8. e5 Ng4
9. d4 dxe5 10. Nxe5 Ne3 11. Nc4 Nxd1 12. Nxb6 Nxb2 13. Nxa8 Bxd4 14. c3 Bf6 15.
Kd2 Bf5 16. g4 Rd8+ 17. Ke3 Bxb1 18. Raxb1 Bxc3 19. f5 Nd7 20. Nc7 Nc5 21. fxg6
hxg6 22. h4 Bd4+ 23. Kf3 Be5 24. h5 g5 0-1

[Event "NB II. Toth Laszlo csoport"]
[Site "Szeged"]
[Date "2024.05.12"]
[Round "9.11"]
[White "Safran, Istvan"]
[Black "Bodicsi, Barna"]
[Result "1-0"]
[WhiteElo "1831"]
[BlackElo "1795"]
[PlyCount "105"]
[EventDate "2023.10.08"]
[EventType "team-tourn"]
[EventRounds "9"]
[EventCountry "HUN"]
[Source "chess.hu"]
[WhiteTeam "Oroshazi SE"]
[BlackTeam "Meritum Egyesulet"]
[WhiteTeamCountry "HUN"]
[BlackTeamCountry "HUN"]

1. b4 e6 2. Bb2 Nf6 3. a3 Be7 4. e3 b6 5. Nf3 Bb7 6. Be2 O-O 7. O-O d5 8. d3
Nbd7 9. Nbd2 c5 10. b5 Qc7 11. c4 Rfe8 12. Qc2 Rad8 13. Rfe1 e5 14. cxd5 Nxd5
15. g3 Bf6 16. Ne4 Ne7 17. Nxf6+ gxf6 18. Rac1 Ng6 19. Nd2 Qd6 20. Red1 Qe6 21.
Qa4 Ra8 22. Bg4 f5 23. Bf3 Bxf3 24. Nxf3 f4 25. Re1 Qg4 26. Qd1 fxg3 27. hxg3
h5 28. Kh2 Re6 29. Rc4 Qf5 30. Qe2 Rf6 31. Kg2 Re8 32. Rh1 Rd6 33. Ne1 Nf6 34.
f3 Qg5 35. Bc1 h4 36. g4 Nd5 37. Kh2 Re7 38. Ng2 h3 39. Ne1 Qh4 40. Rg1 Rde6
41. Rg3 Ndf4 42. Qc2 Nf8 43. Re4 Nd5 44. g5 Nf4 45. Bb2 N8g6 46. Bc3 Qh7 47.
exf4 exf4 48. Rg4 Rxe4 49. dxe4 Rd7 50. Nd3 Nh4 51. Ne5 Rd5 52. Qe2 Rd6 53.
Rxf4 1-0

[Event "NB II. Toth Laszlo csoport"]
[Site "Szeged"]
[Date "2024.05.12"]
[Round "9.12"]
[White "Vadkerti, Anna"]
[Black "Czombos, Oliver"]
[Result "0-1"]
[WhiteElo "1535"]
[BlackElo "1603"]
[PlyCount "78"]
[EventDate "2023.10.08"]
[EventType "team-tourn"]
[EventRounds "9"]
[EventCountry "HUN"]
[Source "chess.hu"]
[WhiteTeam "Meritum Egyesulet"]
[BlackTeam "Oroshazi SE"]
[WhiteTeamCountry "HUN"]
[BlackTeamCountry "HUN"]

1. e4 e5 2. Nf3 Nc6 3. Bb5 a6 4. Bxc6 dxc6 5. O-O Bd6 6. d4 Bg4 7. dxe5 Bxf3 8.
Qxf3 Bxe5 9. Nc3 Qf6 10. Qh3 Bxc3 11. bxc3 Ne7 12. Rd1 Qe6 13. Qxe6 fxe6 14.
Ba3 b6 15. Bxe7 Kxe7 16. Rd2 e5 17. Rad1 Rad8 18. Kf1 Rd6 19. Ke2 Rhd8 20. Rd3
c5 21. Ke3 c4 22. Rd5 Ke6 23. R5d2 Rxd2 24. Rxd2 Rxd2 25. Kxd2 c5 26. g3 g5 27.
Ke3 b5 28. f4 gxf4+ 29. gxf4 exf4+ 30. Kxf4 Kf6 31. e5+ Ke6 32. Ke4 a5 33. h3
a4 34. h4 a3 35. Kf4 b4 36. Kg5 Kxe5 37. h5 b3 38. Kh6 bxc2 39. Kxh7 c1=Q 0-1

[Event "NB II. Toth Laszlo csoport"]
[Site "Kecskemet"]
[Date "2024.05.12"]
[Round "9.1"]
[White "Kemeny, Csaba"]
[Black "Keresztes, Richard"]
[Result "1/2-1/2"]
[WhiteElo "2065"]
[BlackElo "2188"]
[PlyCount "52"]
[EventDate "2023.10.08"]
[EventType "team-tourn"]
[EventRounds "9"]
[EventCountry "HUN"]
[Source "chess.hu"]
[WhiteTeam "Felegyhaza-Csongrad"]
[BlackTeam "TAKISZ SE"]
[WhiteTeamCountry "HUN"]
[BlackTeamCountry "HUN"]

1. d4 Nf6 2. Nf3 e6 3. Bg5 d5 4. e3 Bd6 5. Bd3 Nbd7 6. O-O c5 7. c3 Qb6 8. Qb3
c4 9. Qxb6 axb6 10. Bc2 b5 11. a3 h6 12. Bxf6 gxf6 13. e4 b4 14. cxb4 dxe4 15.
Bxe4 f5 16. Bc2 Bxb4 17. Nbd2 Bxd2 18. Nxd2 Nb6 19. Rac1 Bd7 20. Bd1 Bb5 21.
Be2 Ra4 22. Rc2 O-O 23. Rfc1 Rd8 24. Nxc4 Bxc4 25. Bxc4 Rxd4 26. Be2 Nd5
1/2-1/2

[Event "NB II. Toth Laszlo csoport"]
[Site "Kecskemet"]
[Date "2024.05.12"]
[Round "9.2"]
[White "Horvath, Jozsef"]
[Black "Nagy, Jozsef"]
[Result "1-0"]
[WhiteElo "2035"]
[BlackElo "1897"]
[PlyCount "93"]
[EventDate "2023.10.08"]
[EventType "team-tourn"]
[EventRounds "9"]
[EventCountry "HUN"]
[Source "chess.hu"]
[WhiteTeam "TAKISZ SE"]
[BlackTeam "Felegyhaza-Csongrad"]
[WhiteTeamCountry "HUN"]
[BlackTeamCountry "HUN"]

1. c4 e5 2. Nc3 Nc6 3. g3 Bc5 4. Bg2 d6 5. d3 Be6 6. a3 a5 7. Nf3 Qc8 8. O-O
Bh3 9. Nd5 Bxg2 10. Kxg2 Nge7 11. Bd2 Nxd5 12. cxd5 Ne7 13. e4 a4 14. Rc1 Qd7
15. Bc3 O-O 16. Bxe5 c6 17. dxc6 bxc6 18. Bc3 Bb6 19. d4 Rfb8 20. Re1 Ba5 21.
Re2 Rb7 22. Ne1 Bxc3 23. Rxc3 Rb5 24. Nd3 Qb7 25. f3 Qa7 26. Nb4 Rc8 27. Rec2
Qb6 28. Rc4 h6 29. Rd2 Ra5 30. Nd3 Qa6 31. Rdc2 Qb7 32. R2c3 Qa7 33. Qc2 f5 34.
Nb4 fxe4 35. Qxe4 d5 36. Qe6+ Kh8 37. Nxc6 Rxc6 38. Rxc6 Nxc6 39. Rxc6 Rb5 40.
Rc8+ Kh7 41. Qg8+ Kg6 42. Qe8+ Kh7 43. Qxb5 Qxd4 44. Qe2 h5 45. Qc2+ g6 46.
Qc7+ Kh6 47. Qf4+ 1-0

[Event "NB II. Toth Laszlo csoport"]
[Site "Kecskemet"]
[Date "2024.05.12"]
[Round "9.4"]
[White "Keresztes, Mark"]
[Black "Kelemen, Sandor"]
[Result "1-0"]
[WhiteElo "1984"]
[BlackElo "1923"]
[PlyCount "111"]
[EventDate "2023.10.08"]
[EventType "team-tourn"]
[EventRounds "9"]
[EventCountry "HUN"]
[Source "chess.hu"]
[WhiteTeam "TAKISZ SE"]
[BlackTeam "Felegyhaza-Csongrad"]
[WhiteTeamCountry "HUN"]
[BlackTeamCountry "HUN"]

1. c4 Nf6 2. Nc3 g6 3. e4 d6 4. g3 c5 5. Bg2 Nc6 6. Nge2 Bg7 7. O-O O-O 8. h3
Nd4 9. f4 Rb8 10. d3 a6 11. Rb1 b5 12. b3 Nxe2+ 13. Nxe2 b4 14. Be3 Qc7 15. Qd2
Rd8 16. f5 e6 17. Bh6 Ne8 18. fxg6 hxg6 19. Rf2 Bb7 20. Rbf1 Rd7 21. Bxg7 Kxg7
22. d4 e5 23. d5 Qd8 24. g4 Qh4 25. Kh2 f6 26. Rf3 Rf7 27. Ng1 Bc8 28. Rg3 Rbb7
29. Nf3 Qh8 30. h4 Kf8 31. Bh3 Ke7 32. Ne1 Kd8 33. Ng2 Rbe7 34. Rgf3 Qf8 35.
Qf2 Kc7 36. a3 bxa3 37. b4 cxb4 38. Rb1 a2 39. Qxa2 f5 40. Qa5+ Kb8 41. Rxb4+
Rb7 42. Rxb7+ Bxb7 43. gxf5 Ng7 44. Rb3 gxf5 45. exf5 Nxf5 46. Bxf5 Rxf5 47.
Qxa6 Qe7 48. Qb6 e4 49. Qd4 Rf3 50. Re3 Rxe3 51. Qxe3 Ba6 52. Qb6+ Bb7 53. Qd4
Kc7 54. Kg3 Qe5+ 55. Qxe5 dxe5 56. Ne3 1-0

[Event "NB II. Toth Laszlo csoport"]
[Site "Kecskemet"]
[Date "2024.05.12"]
[Round "9.5"]
[White "Balogh, Ferenc"]
[Black "Szili, Istvan"]
[Result "0-1"]
[WhiteElo "1948"]
[BlackElo "1965"]
[PlyCount "120"]
[EventDate "2023.10.08"]
[EventType "team-tourn"]
[EventRounds "9"]
[EventCountry "HUN"]
[Source "chess.hu"]
[WhiteTeam "Felegyhaza-Csongrad"]
[BlackTeam "TAKISZ SE"]
[WhiteTeamCountry "HUN"]
[BlackTeamCountry "HUN"]

1. d4 e6 2. e4 d5 3. exd5 exd5 4. Nf3 Bd6 5. Be3 Nf6 6. c4 c6 7. Nc3 O-O 8. Qc2
Be6 9. c5 Bc7 10. Bd3 h6 11. h3 b6 12. O-O-O bxc5 13. dxc5 Nbd7 14. g4 Ne5 15.
Nd4 Nxd3+ 16. Qxd3 Qd7 17. g5 hxg5 18. Bxg5 Nh7 19. Bh4 Bf4+ 20. Kb1 Be5 21.
Bg3 Bxd4 22. Qxd4 Bf5+ 23. Ka1 Rfe8 24. Rhg1 f6 25. h4 Nf8 26. Bd6 Qf7 27. Qf4
Bh7 28. h5 Ne6 29. Qg4 Ng5 30. f3 Qe6 31. Qg2 Qh3 32. f4 Qxg2 33. Rxg2 Ne6 34.
Rdg1 Kf7 35. Ne2 Be4 36. Rg3 Rh8 37. Nc3 Rxh5 38. Nxe4 dxe4 39. Rc3 Rah8 40. b4
Rh1 41. Rxh1 Rxh1+ 42. Kb2 Nd4 43. a4 Ke6 44. Rg3 Nf5 45. Rg2 Nxd6 46. cxd6
Kxd6 47. Rxg7 e3 48. Rg2 Kd5 49. Kc3 Rd1 50. Kc2 Rd2+ 51. Rxd2+ exd2 52. Kxd2
Kc4 53. b5 cxb5 54. axb5 Kxb5 55. Kd3 a5 56. Ke4 a4 57. Kf5 a3 58. Kxf6 a2 59.
f5 a1=Q+ 60. Ke6 Qg7 0-1

[Event "NB II. Toth Laszlo csoport"]
[Site "Kecskemet"]
[Date "2024.05.12"]
[Round "9.7"]
[White "Hideg, Istvan Benjamin"]
[Black "Keresztes, Zoltan"]
[Result "1-0"]
[WhiteElo "1858"]
[BlackElo "1887"]
[PlyCount "65"]
[EventDate "2023.10.08"]
[EventType "team-tourn"]
[EventRounds "9"]
[EventCountry "HUN"]
[Source "chess.hu"]
[WhiteTeam "Felegyhaza-Csongrad"]
[BlackTeam "TAKISZ SE"]
[WhiteTeamCountry "HUN"]
[BlackTeamCountry "HUN"]

1. e4 c5 2. Nf3 d6 3. d4 cxd4 4. Nxd4 Nf6 5. Nc3 a6 6. Rg1 e5 7. Nb3 h5 8. h3
Be6 9. g4 hxg4 10. hxg4 g6 11. g5 Nh5 12. Be3 Nd7 13. Qd2 Qc7 14. O-O-O Rc8 15.
f3 Be7 16. Rg2 Kf8 17. Nd5 Bxd5 18. Qxd5 b5 19. Kb1 Nb6 20. Qd2 Nc4 21. Bxc4
bxc4 22. Nc1 Kg7 23. Ne2 Qb7 24. Qd5 Rc6 25. Nc3 Rb8 26. Bc1 Nf4 27. Qd2 Nxg2
28. Qxg2 Qc8 29. Rh1 Qg8 30. Qh3 Kf8 31. Qd7 Rcb6 32. Nd5 R6b7 33. Qg4 1-0

[Event "NB II. Toth Laszlo csoport"]
[Site "Kecskemet"]
[Date "2024.05.12"]
[Round "9.8"]
[White "Marton, Attila"]
[Black "Tanacs, Istvan"]
[Result "1-0"]
[WhiteElo "1922"]
[BlackElo "1711"]
[PlyCount "97"]
[EventDate "2023.10.08"]
[EventType "team-tourn"]
[EventRounds "9"]
[EventCountry "HUN"]
[Source "chess.hu"]
[WhiteTeam "TAKISZ SE"]
[BlackTeam "Felegyhaza-Csongrad"]
[WhiteTeamCountry "HUN"]
[BlackTeamCountry "HUN"]

1. c4 c5 2. Nc3 e5 3. g3 Nc6 4. Bg2 Qc7 5. e3 Nge7 6. Nge2 d6 7. Nb5 Qd8 8. a3
a6 9. Nbc3 g6 10. d4 exd4 11. exd4 Bg7 12. dxc5 dxc5 13. Qxd8+ Nxd8 14. Ne4 O-O
15. Nxc5 Nec6 16. Ra2 Re8 17. Be3 b5 18. b3 Rb8 19. O-O Bf8 20. Ne4 Kh8 21. c5
Bf5 22. Nf6 Re7 23. Bf4 Rc8 24. Nd5 Rxe2 25. Rxe2 Bxc5 26. Re8+ Kg7 27. b4 Bd4
28. Rd1 h6 29. Ne7 Nxe7 30. Rxd4 Ne6 31. Rxc8 Nxd4 32. Ra8 Ne2+ 33. Kf1 Nxf4
34. gxf4 Bc8 35. Ra7 Kf6 36. Ke2 Ke6 37. Bh3+ f5 38. Bg2 Nd5 39. Bxd5+ Kxd5 40.
Rg7 Ke4 41. Rc7 Be6 42. Re7 Kd5 43. h4 Kd6 44. Rg7 g5 45. fxg5 hxg5 46. Rxg5
Kd5 47. h5 Kc4 48. h6 Kb3 49. Rg3+ 1-0

[Event "NB II. Toth Laszlo csoport"]
[Site "Kecskemet"]
[Date "2024.05.12"]
[Round "9.10"]
[White "Gomori, Mihaly"]
[Black "Csak, Zoltan Barnabas"]
[Result "1-0"]
[WhiteElo "1875"]
[BlackElo "1563"]
[PlyCount "93"]
[EventDate "2023.10.08"]
[EventType "team-tourn"]
[EventRounds "9"]
[EventCountry "HUN"]
[Source "chess.hu"]
[WhiteTeam "TAKISZ SE"]
[BlackTeam "Felegyhaza-Csongrad"]
[WhiteTeamCountry "HUN"]
[BlackTeamCountry "HUN"]

1. e4 e5 2. Nf3 Nc6 3. Nc3 Nf6 4. d4 exd4 5. Nxd4 Nxd4 6. Qxd4 d6 7. Be2 Be7 8.
O-O O-O 9. Be3 Re8 10. h3 Be6 11. Rad1 h6 12. f4 c6 13. Qd2 b5 14. a3 a5 15.
Bf3 Bc4 16. Rfe1 Qc7 17. b3 Be6 18. g4 Rad8 19. Qf2 d5 20. Bb6 Qxf4 21. Bxd8
Rxd8 22. exd5 cxd5 23. Nxb5 Rc8 24. Kg2 h5 25. Rd4 Ne4 26. Rdxe4 dxe4 27. Rxe4
Qc1 28. Re2 hxg4 29. hxg4 Bc5 30. Qf1 Qg5 31. Re4 Bb6 32. Qe2 Qg6 33. c4 Re8
34. Nd6 Rd8 35. Nb5 Kf8 36. b4 Re8 37. c5 Bd8 38. Nd6 Re7 39. b5 f5 40. Rf4 Bd7
41. Qd3 Qh6 42. Kg3 g5 43. Rxf5+ Bxf5 44. Qxf5+ Kg8 45. Qd5+ Qe6 46. Qxe6+ Rxe6
47. Bd5 1-0

[Event "NB II. Toth Laszlo csoport"]
[Site "Kecskemet"]
[Date "2024.05.12"]
[Round "9.11"]
[White "Szantai, Milan"]
[Black "Torok, Borbala"]
[Result "0-1"]
[WhiteElo "1528"]
[BlackElo "1847"]
[PlyCount "108"]
[EventDate "2023.10.08"]
[EventType "team-tourn"]
[EventRounds "9"]
[EventCountry "HUN"]
[Source "chess.hu"]
[WhiteTeam "Felegyhaza-Csongrad"]
[BlackTeam "TAKISZ SE"]
[WhiteTeamCountry "HUN"]
[BlackTeamCountry "HUN"]

1. d4 d5 2. c4 c6 3. Nc3 Nf6 4. cxd5 Nxd5 5. e4 Nb6 6. Nf3 Bg4 7. Be2 e6 8. h3
Bh5 9. Be3 Be7 10. O-O O-O 11. Bd3 N8d7 12. Re1 Bg6 13. Re2 Rc8 14. Rc1 Bh5 15.
Rec2 Nf6 16. e5 Nfd5 17. Nxd5 Nxd5 18. Bd2 Nb4 19. Bxb4 Bxb4 20. a3 Ba5 21. Be2
Bb6 22. Rd2 Qe7 23. Ne1 Bxe2 24. Qxe2 Rfd8 25. Nf3 h6 26. Rcd1 Rd5 27. Qe4 Rcd8
28. Rd3 R8d7 29. R3d2 c5 30. dxc5 Rxd2 31. Rxd2 Rxd2 32. Nxd2 Qxc5 33. Qe2 Qc2
34. Qe1 Bd4 35. Nb1 Qxb2 36. Qf1 Bxe5 37. g3 Bd6 38. Qd3 Bc5 39. Qd8+ Kh7 40.
Qd3+ g6 41. Qf1 Bxa3 42. Nxa3 Qxa3 43. Qb5 Qc1+ 44. Kh2 Qc6 45. Qa5 Qb6 46. Qd2
a5 47. h4 Qc5 48. Qf4 Qf5 49. Qd4 b5 50. h5 Qxh5+ 51. Kg1 a4 52. Qb2 Qc5 53.
Kh1 b4 54. Qa1 a3 0-1

[Event "NB II. Toth Laszlo csoport"]
[Site "Kecskemet"]
[Date "2024.05.12"]
[Round "9.12"]
[White "Eros, Viktor"]
[Black "Szantai, Andras"]
[Result "0-1"]
[WhiteElo "1410"]
[BlackElo "1697"]
[PlyCount "84"]
[EventDate "2023.10.08"]
[EventType "team-tourn"]
[EventRounds "9"]
[EventCountry "HUN"]
[Source "chess.hu"]
[WhiteTeam "TAKISZ SE"]
[BlackTeam "Felegyhaza-Csongrad"]
[WhiteTeamCountry "HUN"]
[BlackTeamCountry "HUN"]

1. d4 Nf6 2. c4 e6 3. Nc3 d5 4. cxd5 Nxd5 5. Nxd5 exd5 6. e3 Nd7 7. Nf3 Nf6 8.
Bd3 Bg4 9. O-O Ne4 10. h3 Bh5 11. g4 Bg6 12. Bxe4 Bxe4 13. Qe2 c6 14. Nd2 Bd6
15. Nxe4 dxe4 16. f4 exf3 17. Qxf3 O-O 18. e4 Bc7 19. Bf4 Bxf4 20. Qxf4 Qxd4+
21. Qf2 Qxf2+ 22. Rxf2 Rfe8 23. Re2 g6 24. Rd1 f5 25. gxf5 gxf5 26. e5 Rad8 27.
Rxd8 Rxd8 28. e6 Kg7 29. e7 Re8 30. Kg2 Kf6 31. Kf3 Rxe7 32. Rxe7 Kxe7 33. Kf4
Kf6 34. b4 h5 35. h4 b5 36. a3 a6 37. Ke3 Ke5 38. Kf3 f4 39. Ke2 Ke4 40. Kf2 f3
41. Ke1 Ke3 42. Kf1 f2 0-1